| 000 | 00962nam a22002537a 4500 | ||
|---|---|---|---|
| 001 | 8250 | ||
| 003 | FISKH | ||
| 005 | 20250905110630.0 | ||
| 008 | 250905b cb ||||| |||| 00| 0 eng d | ||
| 020 | _a9789995000929 | ||
| 040 |
_aFISKH _bkhr _cFISKH _dFISKH |
||
| 050 | _aPZ7 | ||
| 082 | _a800 | ||
| 100 | _aKimsrun, Oeng | ||
| 245 | _aកំរងរឿងនិទានអប់រំ / | ||
| 260 |
_aPhnom Penh : _bPublishing and Distribution House, _c2009. |
||
| 300 |
_a16 pages : _bcolor illustrations ; _c18 cm |
||
| 505 | _aK | ||
| 520 | _aសៀវភៅរឿងនិទានអប់រំសម្រាប់កុមារ កម្រងរឿងនិទានអប់រំ ជាសៀវភៅអំណានបន្ថែមសម្រាប់កុមារ។ | ||
| 521 | 8 |
_a510
_bLexile estimate |
|
| 521 | 8 |
_aK
_bRaz-Plus |
|
| 942 |
_2ddc _cBK _n0 |
||
| 999 |
_c8250 _d8250 |
||